| 000 | 00494nam a2200193 a 4500 | ||
|---|---|---|---|
| 001 | 1769488319018 | ||
| 003 | YourLibrary | ||
| 005 | 20260128114523.0 | ||
| 008 | 260127s2007##################000#0#eng## | ||
| 020 | _a9781405169790 | ||
| 082 | 0 | 4 |
_a302.2345 _bHAR |
| 100 | 1 |
_aHartley, John, _eauthor. |
|
| 245 | 1 | 0 | _aTelevision Truths : |
| 260 |
_bJohn Wiley & Sons, _c2007. |
||
| 300 | _a4 pages | ||
| 650 | 0 | _aPerforming Arts. | |
| 942 | _cENGLISH | ||
| 040 |
_aYourLibrary _beng _cYourLibrary |
||
| 999 |
_c609373 _d609373 |
||